Fire Emblem Three Houses Officer's Academy - Statistics

General Stats
  • This quiz has been taken 17 times
  • The average score is 32 of 39
Answer Stats
Hint Answer % Correct
Church of Seiros (Playable) Byleth
100%
Black Eagles Caspar
100%
Golden Deer Claude
100%
Blue Lions Dedue
100%
Blue Lions Dimitri
100%
Black Eagles Dorothea
100%
Black Eagles Edelgard
100%
Black Eagles Ferdinand
100%
Golden Deer Hilda
100%
Black Eagles Hubert
100%
Blue Lions Ingrid
100%
Black Eagles Petra
100%
Blue Lions Sylvain
100%
Blue Lions Annette
91%
Black Eagles Bernadetta
91%
Blue Lions Felix
91%
Church Of Seiros (Playable) Flayn
91%
Golden Deer Ignatz
91%
Black Eagles Linhardt
91%
Golden Deer Lysithea
91%
Blue Lions Mercedes
91%
Church Of Seiros (Playable) Catherine
82%
Golden Deer Lorenz
82%
Golden Deer Marianne
82%
Church Of Seiros (Playable) Seteth
82%
Blue Lions Ashe
73%
Golden Deer Leonie
73%
Church Of Seiros (Playable) Manuela
73%
Church of Seiros (Not Playable) Rhea
73%
Church Of Seiros (Playable) Shamir
73%
Church Of Seiros (Playable) Alois
64%
Church of Seiros (Playable) Cyril
64%
Church Of Seiros (Playable) Hanneman
64%
Church of Seiros (Not Playable) Jeralt
64%
Church of Seiros (Playable) Jeritza
64%
Black Eagles Monica
45%
Golden Deer Rafael
45%
Church Of Seiros (Playable) Gilbert
36%
Church of Seiros (Not Playable) Tomas
18%
No matching quizzes found
Score Distribution
Percent of People with Each Score
Percentile by Number Answered
Your Score History
You have not taken this quiz